[Event "79.Santo Camp. Veneto Quarti di Finale"]
[Site "Padova ITA"]
[Date "2020.02.21"]
[Round "1.19"]
[White "Kacani, Kirk"]
[Black "Schiavo, Marco"]
[Result "1-0"]
[WhiteElo "2110"]
[BlackElo "1805"]
[Annotator "Gabriele Ballarin"]
[PlyCount "95"]
[EventDate "2020.02.21"]
[EventType "swiss"]
[EventRounds "3"]
[EventCountry "ITA"]

1. Nf3 Nf6 2. c4 c5 3. Nc3 Nc6 4. g3 g6 5. Bg2 Bg7 6. O-O O-O 7. d4 cxd4 8. Nxd4 Nxd4 9. Qxd4 d6 10. Rd1 Nd7 11. Qd2 Rb8 12. b3 a6 13. Bb2 b5 14. cxb5 axb5 15. e4 Re8 16. Rac1 Nc5 17. Nd5 Be6 18. Bxg7 Kxg7 19. e5 Nb7 20. Nc7 Rf8 21. Nxe6+ fxe6 22. Bxb7 Rxb7 23. exd6 Rd7 24. dxe7 Rxd2 25. exd8=Q Rfxd8 26. Rc7+ Kf6 27. Rxd2 Rxd2 28. Rxh7 Rxa2 29. Rb7 Rb2 30. Rxb5 g5 31. h3 e5 32. Rb4 Kf5 33. g4+ Ke6 34. Kg2 Rb1 35. Rb8 Kf7 36. b4 Rb3 37. b5 Rb2 38. b6 e4 39. Kf1 Rb3 40. b7 Kg7 41. Ke2 Kh7 42. Kd2 Kg7 43. Kc2 Rb6 44. Kc3 Rb1 45. Kd4 Rb4+ 46. Ke5 Kh7 47. Kf5 Rb5+ 48. Kf6 1-0

[Event "79.Santo Camp. Veneto Quarti di Finale"]
[Site "Padova ITA"]
[Date "2020.02.21"]
[Round "1.20"]
[White "Madiai, Filippo"]
[Black "Mameli, Gianluca"]
[Result "0-1"]
[WhiteElo "1779"]
[BlackElo "2084"]
[Annotator "Gabriele Ballarin"]
[PlyCount "46"]
[EventDate "2020.02.21"]
[EventType "swiss"]
[EventRounds "3"]
[EventCountry "ITA"]

1. d4 Nf6 2. Bg5 e6 3. e4 Be7 4. Bd3 d5 5. e5 Nfd7 6. Be3 c5 7. c3 Qb6 8. Nd2 Qxb2 9. Ne2 Nc6 10. O-O Qb6 11. f4 O-O 12. f5 exf5 13. Nf4 cxd4 14. Nxd5 Qd8 15. cxd4 Ndxe5 16. Nxe7+ Nxe7 17. dxe5 Qxd3 18. Bc5 Rd8 19. Rb1 Nc6 20. Rb3 Qd5 21. Qc2 Nxe5 22. Re1 Be6 23. Rbe3 Ng4 0-1

[Event "79.Santo Camp. Veneto Quarti di Finale"]
[Site "Padova ITA"]
[Date "2020.02.21"]
[Round "1.21"]
[White "Cappelletto, Joshuaede"]
[Black "Rosina, Graziano"]
[Result "0-1"]
[WhiteElo "2081"]
[BlackElo "1777"]
[Annotator "Gabriele Ballarin"]
[PlyCount "118"]
[EventDate "2020.02.21"]
[EventType "swiss"]
[EventRounds "3"]
[EventCountry "ITA"]

1. e4 e5 2. Nf3 Nf6 3. Nc3 Nc6 4. Bb5 Bb4 5. O-O O-O 6. Re1 d6 7. h3 Bd7 8. a3 Bxc3 9. bxc3 Ne7 10. Bxd7 Qxd7 11. d4 Ng6 12. Bg5 Qe7 13. Nh4 Nxh4 14. Bxh4 c6 15. Rb1 b6 16. d5 cxd5 17. exd5 Rac8 18. Re3 Rc4 19. Rb4 Rfc8 20. Qd3 Rxc3 21. Qxc3 Rxc3 22. Rxc3 Qd7 23. Bxf6 gxf6 24. Rbc4 Kg7 25. Rc7 Qb5 26. Rg3+ Kf8 27. c4 Qb1+ 28. Kh2 Qf5 29. Rf3 Qg5 30. Rxa7 e4 31. Re3 Qe5+ 32. g3 f5 33. Rb7 f4 34. gxf4 Qxf4+ 35. Kg1 f5 36. Rxb6 Qe5 37. Rb8+ Kf7 38. Reb3 f4 39. R3b7+ Kg6 40. Rg8+ Kh6 41. Rgg7 f3 42. Rxh7+ Kg6 43. Rbg7+ Kf6 44. Rf7+ Kg6 45. Rhg7+ Kh6 46. Re7 Qa1+ 47. Kh2 Qd4 48. Kg3 Qxc4 49. Rg4 Qxd5 50. Rexe4 Qd1 51. Ref4 Qe2 52. Rf6+ Kh7 53. Rxf3 Qe5+ 54. Kg2 Qd5 55. h4 Kh6 56. Rgf4 Kg6 57. Rf6+ Kg7 58. R6f4 Kg6 59. Rf5 Qa8 0-1

[Event "79.Santo Camp. Veneto Quarti di Finale"]
[Site "Padova ITA"]
[Date "2020.02.21"]
[Round "1.22"]
[White "Giraldi, Edoardo"]
[Black "Fregonese, Giulio"]
[Result "1/2-1/2"]
[WhiteElo "1739"]
[BlackElo "2073"]
[Annotator "Gabriele Ballarin"]
[PlyCount "97"]
[EventDate "2020.02.21"]
[EventType "swiss"]
[EventRounds "3"]
[EventCountry "ITA"]

1. e4 e5 2. Bc4 Nc6 3. Nc3 Nf6 4. d3 Na5 5. Qf3 Nxc4 6. dxc4 h6 7. Nge2 Be7 8. O-O O-O 9. Ng3 d6 10. h3 Be6 11. b3 Nh7 12. Rd1 b6 13. Nd5 Bg5 14. Nf5 Bxc1 15. Raxc1 Ng5 16. Qe2 Bxd5 17. cxd5 a5 18. a4 Kh8 19. Rd3 Rc8 20. Rg3 Rg8 21. Qh5 Qf6 22. Rxg5 Qxg5 23. Qxg5 hxg5 24. Ne7 Rge8 25. Nxc8 Rxc8 26. c4 g6 27. Rc3 Kg7 28. Rg3 f6 29. Rf3 Rh8 30. g4 Rf8 31. Kg2 f5 32. gxf5 gxf5 33. exf5 Kf6 34. Kg3 e4 35. Re3 Kxf5 36. f3 Rg8 37. Rxe4 Rg7 38. Re8 Rf7 39. Re4 Rg7 40. Re6 Rf7 41. Re1 Rh7 42. Re4 Rf7 43. h4 Rh7 44. hxg5 Kxg5 45. Rg4+ Kf5 46. Rf4+ Ke5 47. Re4+ Kf5 48. Rf4+ Ke5 49. Re4+ 1/2-1/2

[Event "79.Santo Camp. Veneto Quarti di Finale"]
[Site "Padova ITA"]
[Date "2020.02.21"]
[Round "1.23"]
[White "Dionigi, Riccardo"]
[Black "Pento, Carlo"]
[Result "1-0"]
[WhiteElo "2071"]
[BlackElo "1734"]
[Annotator "Gabriele Ballarin"]
[PlyCount "95"]
[EventDate "2020.02.21"]
[EventType "swiss"]
[EventRounds "3"]
[EventCountry "ITA"]

1. d4 d5 2. Nf3 Nf6 3. e3 Bg4 4. c4 e6 5. Qb3 Qc8 6. Ne5 c5 7. Nxg4 Nxg4 8. dxc5 Bxc5 9. cxd5 exd5 10. Bb5+ Nd7 11. Qxd5 Ngf6 12. Bxd7+ Nxd7 13. O-O O-O 14. Bd2 Nb6 15. Qb3 Qg4 16. Bc3 Rfd8 17. Nd2 Nd5 18. Nf3 Nxc3 19. bxc3 Qd7 20. Rfd1 Qc7 21. Rxd8+ Rxd8 22. Rd1 Rxd1+ 23. Qxd1 h6 24. Qd5 b5 25. g3 a5 26. c4 b4 27. Ne5 Bf8 28. Nd3 Qd6 29. e4 a4 30. Qxd6 Bxd6 31. Kf1 b3 32. axb3 axb3 33. Ke2 Bc7 34. Kd2 Ba5+ 35. Kc1 Bc3 36. f3 Kf8 37. Nc5 b2+ 38. Kb1 Ke7 39. Na4 Bd4 40. Nxb2 Kd6 41. Nd3 Bg1 42. h3 Bh2 43. g4 f6 44. Kc2 Kc6 45. Kc3 Bc7 46. Kb4 Bb8 47. c5 Bg3 48. Kc4 1-0

[Event "79.Santo Camp. Veneto Quarti di Finale"]
[Site "Padova ITA"]
[Date "2020.02.21"]
[Round "1.24"]
[White "Gatti, Daniele Guglielmo"]
[Black "Lantini, Marco"]
[Result "1-0"]
[WhiteElo "1710"]
[BlackElo "2059"]
[Annotator "Gabriele Ballarin"]
[PlyCount "111"]
[EventDate "2020.02.21"]
[EventType "swiss"]
[EventRounds "3"]
[EventCountry "ITA"]

1. e4 g6 2. d4 Bg7 3. Nc3 d6 4. Nf3 a6 5. a4 b6 6. Be2 Bb7 7. O-O Nd7 8. Re1 c5 9. Be3 Ngf6 10. e5 dxe5 11. dxe5 Ng4 12. Bf4 Ngxe5 13. Bxe5 Nxe5 14. Qxd8+ Rxd8 15. Nxe5 Bxe5 16. Bxa6 Bxh2+ 17. Kxh2 Bxa6 18. Rad1 Rxd1 19. Rxd1 Bc4 20. a5 bxa5 21. Ra1 O-O 22. Rxa5 Rd8 23. Rxc5 Be6 24. b4 Rd4 25. b5 Rb4 26. Nd5 Bxd5 27. Rxd5 f5 28. Rc5 Kf7 29. c4 e5 30. Rc6 e4 31. Kg3 g5 32. b6 Rb3+ 33. Kh2 f4 34. Rc7+ Ke6 35. Rxh7 Kd6 36. b7 g4 37. Rh6+ Ke5 38. Rh7 Kd6 39. Rg7 g3+ 40. fxg3 e3 41. Rg6+ Ke7 42. Rg5 Kf6 43. gxf4 Rxb7 44. Re5 Rb3 45. Kg3 Rc3 46. Kf3 e2+ 47. Kxe2 Rxc4 48. Kf3 Rc1 49. Kg4 Ra1 50. g3 Rb1 51. Ra5 Rg1 52. Ra6+ Kf7 53. Kh4 Rg2 54. g4 Rb2 55. Kg5 Rb5+ 56. f5 1-0

[Event "79.Santo Camp. Veneto Quarti di Finale"]
[Site "Padova ITA"]
[Date "2020.02.21"]
[Round "1.25"]
[White "D'Angerio, Alessandro"]
[Black "Fiscato, Claudio"]
[Result "1-0"]
[WhiteElo "2057"]
[BlackElo "1688"]
[Annotator "Gabriele Ballarin"]
[PlyCount "45"]
[EventDate "2020.02.21"]
[EventType "swiss"]
[EventRounds "3"]
[EventCountry "ITA"]

1. d4 Nf6 2. c4 e6 3. Nc3 Bb4 4. e3 O-O 5. Nge2 b6 6. a3 Bxc3+ 7. Nxc3 Bb7 8. d5 d6 9. Be2 a5 10. O-O Nbd7 11. e4 Nc5 12. Qc2 Re8 13. Bg5 exd5 14. exd5 h6 15. Bh4 g5 16. Bg3 Nce4 17. Nxe4 Nxe4 18. Bd3 Nxg3 19. fxg3 Re5 20. Bh7+ Kh8 21. Rxf7 Qe8 22. Raf1 Re1 23. Qc3+ 1-0

[Event "79.Santo Camp. Veneto Quarti di Finale"]
[Site "Padova ITA"]
[Date "2020.02.21"]
[Round "1.26"]
[White "Rossi, Gianni"]
[Black "Raccanello, Marianna"]
[Result "0-1"]
[WhiteElo "1684"]
[BlackElo "2055"]
[Annotator "Gabriele Ballarin"]
[PlyCount "40"]
[EventDate "2020.02.21"]
[EventType "swiss"]
[EventRounds "3"]
[EventCountry "ITA"]

1. d4 Nf6 2. f3 g6 3. e4 d6 4. Nc3 Bg7 5. Be3 O-O 6. Qd2 Nbd7 7. O-O-O c6 8. g4 b5 9. Kb1 Nb6 10. Bd3 Qc7 11. h4 b4 12. Nce2 c5 13. Nc1 c4 14. Bf1 c3 15. Qh2 cxb2 16. Nb3 Na4 17. Bd2 Bxg4 18. e5 Bf5 19. Bxb4 Nd5 20. Ba5 Qxa5 0-1

[Event "79.Santo Camp. Veneto Quarti di Finale"]
[Site "Padova ITA"]
[Date "2020.02.21"]
[Round "1.27"]
[White "Vianello, Enrico"]
[Black "Gomirato, Anna"]
[Result "1-0"]
[WhiteElo "2050"]
[BlackElo "1666"]
[Annotator "Gabriele Ballarin"]
[PlyCount "91"]
[EventDate "2020.02.21"]
[EventType "swiss"]
[EventRounds "3"]
[EventCountry "ITA"]

1. Nf3 d5 2. d4 e6 3. c4 Nf6 4. g3 c6 5. Bg2 Bd6 6. Nc3 Nbd7 7. Nd2 O-O 8. O-O b6 9. e4 dxe4 10. Ndxe4 Nxe4 11. Nxe4 Be7 12. Qc2 Bb7 13. Rd1 Nf6 14. Nc3 Qc7 15. Bf4 Bd6 16. Bg5 Be7 17. Rac1 h6 18. Bxf6 Bxf6 19. Ne4 Qe7 20. c5 b5 21. Nd6 Rfd8 22. Qe4 Rab8 23. Rc3 Ba8 24. Rf3 Rd7 25. Bf1 g6 26. h4 h5 27. g4 hxg4 28. Qxg4 Kg7 29. h5 Rh8 30. hxg6 fxg6 31. Bd3 Rh6 32. Qf4 Rd8 33. Rg3 Rdh8 34. Be4 Bh4 35. Rg4 Rf8 36. Qe5+ Bf6 37. Qg3 Bh4 38. Rxg6+ Rxg6 39. Qxg6+ Kh8 40. Qh6+ Kg8 41. Qg6+ Kh8 42. Qh5+ Kg8 43. f3 Qg7+ 44. Kf1 Bf6 45. Rd2 Bg5 46. Rg2 1-0

[Event "79.Santo Camp. Veneto Quarti di Finale"]
[Site "Padova ITA"]
[Date "2020.02.21"]
[Round "1.28"]
[White "Bosio, Andrea"]
[Black "Rosato, Luciano"]
[Result "0-1"]
[WhiteElo "1656"]
[BlackElo "2049"]
[Annotator "Gabriele Ballarin"]
[PlyCount "107"]
[EventDate "2020.02.21"]
[EventType "swiss"]
[EventRounds "3"]
[EventCountry "ITA"]

1. e4 c5 2. Nf3 a6 3. d4 cxd4 4. Nxd4 Nf6 5. Nc3 e5 6. Nf5 d5 7. Ng3 d4 8. Nb1 Be7 9. c3 O-O 10. Bd3 Nc6 11. O-O Qb6 12. cxd4 Nxd4 13. h3 Rd8 14. Nc3 Be6 15. Rb1 Rac8 16. Be3 Qd6 17. f4 Nc6 18. Be2 Qb4 19. Qe1 Bc5 20. Bxc5 Qxc5+ 21. Qf2 Qxf2+ 22. Rxf2 exf4 23. Rxf4 Ne5 24. Rff1 Rd2 25. Rfd1 Rcd8 26. Rxd2 Rxd2 27. Rd1 Rxd1+ 28. Bxd1 Nd3 29. b3 Nd7 30. Bc2 Nb4 31. Bb1 Ne5 32. Kf2 f6 33. Ke3 g6 34. Nge2 Kf7 35. Nf4 Ke7 36. Nxe6 Kxe6 37. Ne2 a5 38. Nd4+ Kd7 39. Nf3 Kd6 40. Nxe5 Kxe5 41. Kf3 Kd4 42. Ke2 Kc3 43. Kd1 Kb2 44. a3 Kxb1 45. axb4 axb4 46. g4 g5 47. Kd2 Kb2 48. Kd3 Kxb3 49. Kd4 Ka3 50. Kd5 b3 51. Ke6 b2 52. Kxf6 b1=Q 53. e5 Qg6+ 54. Ke7 0-1

[Event "79.Santo Camp. Veneto Quarti di Finale"]
[Site "Padova ITA"]
[Date "2020.02.21"]
[Round "1.29"]
[White "Sala, Giulia"]
[Black "Sottroi, Carlo"]
[Result "1-0"]
[WhiteElo "2021"]
[BlackElo "1630"]
[Annotator "Gabriele Ballarin"]
[PlyCount "125"]
[EventDate "2020.02.21"]
[EventType "swiss"]
[EventRounds "3"]
[EventCountry "ITA"]

1. e4 e6 2. d4 d5 3. Nc3 Nf6 4. e5 Nfd7 5. Nce2 c5 6. c3 Nc6 7. Nf3 cxd4 8. cxd4 Qb6 9. g3 Bb4+ 10. Bd2 O-O 11. Bg2 f5 12. O-O Re8 13. Rc1 Nf8 14. a3 Bxd2 15. Qxd2 Bd7 16. Nf4 Qd8 17. h4 h6 18. Ne1 Rc8 19. b4 Qb6 20. Nf3 Ne7 21. Nd3 Bb5 22. Rfd1 Bxd3 23. Qxd3 Rc6 24. Rc5 Nd7 25. Rxc6 Qxc6 26. Nd2 Rc8 27. Nb3 Qc3 28. Nc5 Qxd3 29. Rxd3 Nxc5 30. bxc5 Nc6 31. Bf1 Kf8 32. f4 Rc7 33. Kf2 Ke7 34. Ke3 Na5 35. Rc3 b6 36. Bb5 bxc5 37. dxc5 Nc6 38. Bxc6 Rxc6 39. Kd4 Kd7 40. Rb3 Kc7 41. h5 Ra6 42. Kd3 Ra5 43. Rc3 Rb5 44. Kc2 Kc6 45. Kd3 Rxc5 46. Rb3 Kc7 47. Rb4 a5 48. Rb3 Rc6 49. Rb5 Rb6 50. Rxa5 Rb3+ 51. Kd4 Kb7 52. Kc5 Rc3+ 53. Kd6 Rc6+ 54. Kd7 d4 55. Ra4 Ra6 56. Rxd4 Rxa3 57. Kxe6 Rxg3 58. Kxf5 Rh3 59. e6 Rxh5+ 60. Kg6 Rc5 61. e7 Rc6+ 62. Kxg7 Re6 63. Kf7 1-0

[Event "79.Santo Camp. Veneto Quarti di Finale"]
[Site "Padova ITA"]
[Date "2020.02.21"]
[Round "1.30"]
[White "Conte, Edoardo"]
[Black "Bordignon, Angelo"]
[Result "0-1"]
[WhiteElo "1630"]
[BlackElo "1990"]
[Annotator "Gabriele Ballarin"]
[PlyCount "90"]
[EventDate "2020.02.21"]
[EventType "swiss"]
[EventRounds "3"]
[EventCountry "ITA"]

1. e4 c5 2. Nf3 Nc6 3. d4 cxd4 4. Nxd4 Nf6 5. Nc3 e5 6. Ndb5 d6 7. Bg5 a6 8. Bxf6 gxf6 9. Na3 b5 10. Nd5 Bg7 11. c3 f5 12. exf5 Bxf5 13. Be2 O-O 14. Nc2 Be6 15. O-O f5 16. a4 bxa4 17. Rxa4 a5 18. Bb5 Na7 19. Bc4 Kh8 20. Qd2 Bd7 21. Ra2 Rb8 22. Rfa1 Nc6 23. b4 axb4 24. Ndxb4 Qh4 25. Bf1 Bh6 26. Qd1 Rg8 27. Nxc6 Bxc6 28. Nb4 Bb7 29. Qxd6 e4 30. g3 Qh5 31. Qd1 Qg6 32. Bg2 Bg7 33. Qe1 Rgc8 34. Rc1 f4 35. Rac2 Bh6 36. Rd1 fxg3 37. hxg3 Bf8 38. Rb1 Bc5 39. Re2 Qxg3 40. Kf1 Rf8 41. Rbb2 e3 42. Bxb7 Rxb7 43. f4 Rxf4+ 44. Rf2 Qh3+ 45. Ke2 Rxf2+ 0-1

[Event "79.Santo Camp. Veneto Quarti di Finale"]
[Site "Padova ITA"]
[Date "2020.02.21"]
[Round "1.31"]
[White "Ridolfo, Enrico"]
[Black "Bertola, Stefano"]
[Result "1/2-1/2"]
[WhiteElo "1977"]
[BlackElo "1612"]
[Annotator "Gabriele Ballarin"]
[PlyCount "128"]
[EventDate "2020.02.21"]
[EventType "swiss"]
[EventRounds "3"]
[EventCountry "ITA"]

1. e4 e6 2. Nf3 d5 3. e5 c5 4. b4 cxb4 5. a3 bxa3 6. d4 Bd7 7. Bd3 Nc6 8. c3 b5 9. Bxb5 Nxe5 10. Nxe5 Bxb5 11. Nxa3 Bd7 12. Qh5 g6 13. Qf3 Qf6 14. Qe2 Qd8 15. O-O Bd6 16. Nb5 Bxb5 17. Qxb5+ Kf8 18. Bf4 Kg7 19. Qb7 Bxe5 20. Bxe5+ Nf6 21. Rxa7 Rxa7 22. Qxa7 Re8 23. Rb1 Qa8 24. Qc7 Qc8 25. Qa5 Qa8 26. Qb5 Qd8 27. h4 Kf8 28. Qc5+ Kg8 29. Rb8 Qd7 30. Rxe8+ Nxe8 31. Qb6 Qc8 32. Qa5 Ng7 33. g3 Nf5 34. Kg2 Ne7 35. Bf6 Nf5 36. Qa3 Qf8 37. Qa7 Qc8 38. Be5 Qd8 39. Qc5 Qf8 40. Qc7 Qe7 41. Qc8+ Qf8 42. Qc6 Qd8 43. Bf4 Qf8 44. Kh3 Qd8 45. Bg5 Qf8 46. Qc7 Qe8 47. Qe5 Qf8 48. g4 Nd6 49. f3 Ne8 50. Qe3 Nd6 51. Bh6 Qe7 52. Qe5 Ne8 53. Qb8 Kh8 54. Qc8 Kg8 55. Kg2 Kh8 56. Bg5 Qf8 57. Qd8 Kg7 58. Be7 Qg8 59. g5 Kh8 60. Qb8 Ng7 61. Qe5 Qe8 62. Bf6 Qf8 63. Kf2 Kg8 64. Bxg7 Qxg7 1/2-1/2

[Event "79.Santo Camp. Veneto Quarti di Finale"]
[Site "Padova ITA"]
[Date "2020.02.21"]
[Round "1.32"]
[White "Marson, Roy"]
[Black "Giordani, Luca"]
[Result "0-1"]
[WhiteElo "1503"]
[BlackElo "1977"]
[Annotator "Gabriele Ballarin"]
[PlyCount "90"]
[EventDate "2020.02.21"]
[EventType "swiss"]
[EventRounds "3"]
[EventCountry "ITA"]

1. e4 c5 2. Nf3 e6 3. d4 cxd4 4. Nxd4 Nf6 5. Nc3 Nc6 6. a3 Bc5 7. Be3 Qb6 8. Na4 Qa5+ 9. Nc3 Nxe4 10. Nxc6 bxc6 11. Bxc5 Nxc3 12. Qd6 Ne4+ 13. Bb4 Nxd6 14. Bxa5 Nb7 15. Bc3 O-O 16. Ba6 c5 17. h4 Nd8 18. Bb5 Rb8 19. Ba4 f6 20. O-O-O d5 21. h5 Nf7 22. Ba5 Ba6 23. Bd7 Bc8 24. Bc6 Ne5 25. Ba4 Nc4 26. Bc7 Rb7 27. b3 Rxc7 28. bxc4 d4 29. c3 e5 30. Bb3 Be6 31. f3 Rb8 32. Ba2 Rcb7 33. cxd4 cxd4 34. Rd2 Rc7 35. Rc2 Rbc8 36. Kd2 Rc5 37. g4 Ra5 38. Re1 Rxa3 39. f4 Ra5 40. f5 Bf7 41. Rb1 Rac5 42. Kd3 Ra5 43. Ke4 Ra3 44. Bb3 Rb8 45. Rcb2 a5 0-1

[Event "79.Santo Camp. Veneto Quarti di Finale"]
[Site "Padova ITA"]
[Date "2020.02.21"]
[Round "1.33"]
[White "Moretti, Filippo"]
[Black "Karniaichuk, Valery"]
[Result "1-0"]
[WhiteElo "1969"]
[BlackElo "1440"]
[Annotator "Gabriele Ballarin"]
[PlyCount "57"]
[EventDate "2020.02.21"]
[EventType "swiss"]
[EventRounds "3"]
[EventCountry "ITA"]

1. e4 e5 2. Nf3 Nc6 3. d4 exd4 4. Nxd4 Bb4+ 5. c3 Nxd4 6. Qxd4 Bf8 7. Bc4 d6 8. O-O Nf6 9. Re1 c5 10. Qd3 Be7 11. Bf4 Nh5 12. Qf3 Nxf4 13. Qxf4 O-O 14. Na3 Bg5 15. Qf3 Be6 16. Rad1 Bxc4 17. Nxc4 Be7 18. e5 b5 19. exd6 Bg5 20. Ne5 f5 21. Nc6 Qd7 22. Ne5 Qd8 23. Qd5+ Kh8 24. Nf7+ Rxf7 25. Qxf7 Bf4 26. d7 Qg8 27. Re8 Rxe8 28. dxe8=R Qxe8 29. Qxe8# 1-0

[Event "79.Santo Camp. Veneto Quarti di Finale"]
[Site "Padova ITA"]
[Date "2020.02.21"]
[Round "1.34"]
[White "Andreose, Pietro"]
[Black "Maione, Melissa"]
[Result "1/2-1/2"]
[WhiteElo "1420"]
[BlackElo "1955"]
[Annotator "Gabriele Ballarin"]
[PlyCount "31"]
[EventDate "2020.02.21"]
[EventType "swiss"]
[EventRounds "3"]
[EventCountry "ITA"]

1. d4 Nf6 2. Nf3 e6 3. e3 c5 4. Bd3 Nc6 5. b3 d5 6. Bb2 Be7 7. Nbd2 O-O 8. O-O Qc7 9. a3 b6 10. Ne5 Bd6 11. f4 Rd8 12. Qf3 Bb7 13. Qh3 Ne4 14. Nxe4 dxe4 15. Bxe4 f5 16. Nxc6 1/2-1/2

[Event "79.Santo Camp. Veneto Quarti di Finale"]
[Site "Padova ITA"]
[Date "2020.02.21"]
[Round "1.35"]
[White "Pannella, Leopoldo"]
[Black "Marson, Eva Jane"]
[Result "1-0"]
[WhiteElo "1951"]
[BlackElo "1308"]
[Annotator "Gabriele Ballarin"]
[PlyCount "43"]
[EventDate "2020.02.21"]
[EventType "swiss"]
[EventRounds "3"]
[EventCountry "ITA"]

1. e4 e5 2. Nf3 Nc6 3. Bc4 Bc5 4. c3 Bb6 5. d4 exd4 6. cxd4 h6 7. O-O d6 8. h3 Nf6 9. Re1 O-O 10. Nc3 Re8 11. Bf4 Bd7 12. Qd2 Na5 13. Bd3 Nc6 14. e5 dxe5 15. dxe5 Nh5 16. Bxh6 g6 17. Rad1 Be6 18. g4 Ng7 19. Ne4 Kh8 20. Bg5 Qc8 21. Nf6 Rd8 22. Bh4 1-0

[Event "79.Santo Camp. Veneto Quarti di Finale"]
[Site "Padova ITA"]
[Date "2020.02.22"]
[Round "2.1"]
[White "Mameli, Gianluca"]
[Black "Sonis, Francesco"]
[Result "0-1"]
[WhiteElo "2084"]
[BlackElo "2478"]
[Annotator "Gabriele Ballarin"]
[PlyCount "66"]
[EventDate "2020.02.21"]
[EventType "swiss"]
[EventRounds "3"]
[EventCountry "ITA"]

1. e4 e5 2. Nf3 Nc6 3. Bb5 a6 4. Ba4 d6 5. h3 g6 6. O-O Bg7 7. Re1 Bd7 8. c3 Nf6 9. d4 O-O 10. d5 Ne7 11. Bxd7 Nxd7 12. c4 h6 13. Nc3 f5 14. exf5 gxf5 15. b3 Ng6 16. Bb2 Nh4 17. Nxh4 Qxh4 18. Rc1 e4 19. Na4 Rf7 20. Re3 b5 21. Bxg7 Rxg7 22. cxb5 axb5 23. Nc3 Ne5 24. Qf1 b4 25. Na4 f4 26. Rxe4 Nf3+ 27. Kh1 Nd2 28. Qe2 Nxe4 29. Qxe4 Qxf2 30. Rc2 Qe3 31. Qxe3 fxe3 32. Re2 Re7 33. Kg1 Ra5 0-1

[Event "79.Santo Camp. Veneto Quarti di Finale"]
[Site "Padova ITA"]
[Date "2020.02.22"]
[Round "2.2"]
[White "Gilevych, Artem"]
[Black "Cappelletto, Joshuaede"]
[Result "1-0"]
[WhiteElo "2415"]
[BlackElo "2081"]
[Annotator "Gabriele Ballarin"]
[PlyCount "51"]
[EventDate "2020.02.21"]
[EventType "swiss"]
[EventRounds "3"]
[EventCountry "ITA"]

1. c4 c5 2. Nf3 Nf6 3. Nc3 Nc6 4. d4 cxd4 5. Nxd4 g6 6. e4 Bg7 7. Be3 Ng4 8. Qxg4 Nxd4 9. Qd1 Nc6 10. Qd2 d6 11. Be2 Qa5 12. Rc1 Be6 13. O-O O-O 14. f4 Rfc8 15. Kh1 a6 16. b3 b5 17. f5 Bd7 18. Bh6 Ne5 19. Nd5 Qxd2 20. Bxd2 Rcb8 21. Nxe7+ Kf8 22. Nd5 bxc4 23. f6 cxb3 24. fxg7+ Kxg7 25. axb3 Rxb3 26. Bb4 1-0

[Event "79.Santo Camp. Veneto Quarti di Finale"]
[Site "Padova ITA"]
[Date "2020.02.22"]
[Round "2.3"]
[White "Dionigi, Riccardo"]
[Black "Loiacono, Antonio"]
[Result "0-1"]
[WhiteElo "2071"]
[BlackElo "2320"]
[Annotator "Gabriele Ballarin"]
[PlyCount "54"]
[EventDate "2020.02.21"]
[EventType "swiss"]
[EventRounds "3"]
[EventCountry "ITA"]

1. d4 d5 2. Nf3 Nf6 3. e3 c6 4. c4 Bg4 5. h3 Bh5 6. g4 Bg6 7. Ne5 e6 8. Nxg6 hxg6 9. Nd2 Nbd7 10. Bg2 g5 11. O-O Bd6 12. Re1 Qc7 13. e4 dxe4 14. Nxe4 Nxe4 15. Rxe4 Nf6 16. Re1 Bh2+ 17. Kf1 Bf4 18. d5 O-O-O 19. Qa4 exd5 20. cxd5 Nxd5 21. Qxa7 Qb8 22. Qa4 Qc7 23. Bxf4 Qxf4 24. Re4 Qf6 25. Qb3 Nf4 26. Rae1 Nd3 27. R1e2 Nc5 0-1

[Event "79.Santo Camp. Veneto Quarti di Finale"]
[Site "Padova ITA"]
[Date "2020.02.22"]
[Round "2.4"]
[White "Vancini, Edoardo"]
[Black "D'Angerio, Alessandro"]
[Result "1-0"]
[WhiteElo "2232"]
[BlackElo "2057"]
[Annotator "Gabriele Ballarin"]
[PlyCount "51"]
[EventDate "2020.02.21"]
[EventType "swiss"]
[EventRounds "3"]
[EventCountry "ITA"]

1. d4 Nf6 2. Bg5 e6 3. e4 h6 4. Bxf6 Qxf6 5. c3 d6 6. Bc4 g6 7. Ne2 Bg7 8. O-O Qd8 9. Nd2 O-O 10. Bb3 b6 11. f4 Bb7 12. f5 exf5 13. exf5 Kh7 14. Ng3 Nd7 15. Bxf7 gxf5 16. Qh5 Qg5 17. Qxg5 hxg5 18. Rxf5 Nf6 19. Bb3 Rae8 20. Nf3 Bxf3 21. Rxf3 g4 22. Rf5 Bh6 23. Raf1 Kg7 24. Rxf6 Rxf6 25. Nh5+ Kg6 26. Nxf6 1-0

[Event "79.Santo Camp. Veneto Quarti di Finale"]
[Site "Padova ITA"]
[Date "2020.02.22"]
[Round "2.5"]
[White "Raccanello, Marianna"]
[Black "Carlo, Emanuele"]
[Result "0-1"]
[WhiteElo "2055"]
[BlackElo "2223"]
[Annotator "Gabriele Ballarin"]
[PlyCount "128"]
[EventDate "2020.02.21"]
[EventType "swiss"]
[EventRounds "3"]
[EventCountry "ITA"]

1. e4 e5 2. Nf3 Nc6 3. Bc4 Bc5 4. c3 Nf6 5. d3 d6 6. Bg5 O-O 7. Nbd2 h6 8. Bh4 Be6 9. O-O a6 10. Re1 Ba7 11. b4 Kh7 12. Qc2 Ne7 13. d4 Ng6 14. Bg3 exd4 15. cxd4 Bxc4 16. Nxc4 Nxe4 17. Qxe4 d5 18. Qc2 dxc4 19. Qxc4 c6 20. Rad1 Rc8 21. Ne5 Qd5 22. Qxd5 cxd5 23. Nxg6 Kxg6 24. Re7 Bxd4 25. Rxb7 Rc2 26. h3 Bf6 27. Rxd5 Rxa2 28. Rb6 Re8 29. Rdd6 Re1+ 30. Kh2 Raa1 31. Bh4 Re6 32. Rxe6 fxe6 33. Rxe6 Kf5 34. Bxf6 Ra4 35. Re2 gxf6 36. Rb2 Ra3 37. b5 axb5 38. Rxb5+ Kg6 39. g4 Rc3 40. Kg2 Ra3 41. f3 Rc3 42. Kg3 Ra3 43. h4 Ra7 44. h5+ Kg7 45. Kf4 Kf7 46. Kf5 Rc7 47. f4 Ra7 48. Rd5 Rb7 49. Rd6 Rb5+ 50. Ke4 Rb4+ 51. Kf3 Rb7 52. Kg3 Kg7 53. Kf3 Kf7 54. Rd5 Ra7 55. Ke4 Rb7 56. Kf5 Ra7 57. g5 fxg5 58. fxg5 hxg5 59. h6 Kg8 60. Kg6 Ra6+ 61. Kh5 Kh7 62. Rd7+ Kg8 63. Rg7+ Kh8 64. Rg6 Rxg6 0-1

[Event "79.Santo Camp. Veneto Quarti di Finale"]
[Site "Padova ITA"]
[Date "2020.02.22"]
[Round "2.6"]
[White "Calavalle, Giulio"]
[Black "Vianello, Enrico"]
[Result "1-0"]
[WhiteElo "2218"]
[BlackElo "2050"]
[Annotator "Gabriele Ballarin"]
[PlyCount "133"]
[EventDate "2020.02.21"]
[EventType "swiss"]
[EventRounds "3"]
[EventCountry "ITA"]

1. e4 c5 2. Nc3 Nc6 3. Nge2 e6 4. g3 g6 5. Bg2 Bg7 6. O-O Nge7 7. d3 O-O 8. Be3 d6 9. d4 cxd4 10. Nxd4 a6 11. Qd2 Qc7 12. f4 Bd7 13. Nb3 Rfd8 14. Rad1 Nc8 15. Qf2 Na5 16. f5 Nc4 17. Bg5 Re8 18. fxg6 fxg6 19. Qf7+ Kh8 20. Bf6 Bxf6 21. Qxf6+ Kg8 22. Qf7+ Kh8 23. Nd4 Qd8 24. Qf2 Qe7 25. b3 Ne5 26. Nf3 Rf8 27. Qd4 Rxf3 28. Bxf3 b5 29. Ne2 Ra7 30. Nf4 Kg8 31. Be2 Rc7 32. Nd3 Nf7 33. Ne1 Na7 34. c4 b4 35. Nd3 Nc6 36. Qb6 Rc8 37. Nxb4 Nxb4 38. Qxb4 Bc6 39. Rxf7 Qxf7 40. Qxd6 Bxe4 41. Qxa6 Rf8 42. Qb6 Bf5 43. g4 Be4 44. Rf1 Qd7 45. Rxf8+ Kxf8 46. Qe3 Qb7 47. Kf2 Ke7 48. Qd4 Kf7 49. Qe3 Ke7 50. c5 Qd5 51. h4 Kd7 52. Bb5+ Kc8 53. Qc3 e5 54. Ba6+ Kd7 55. Bc4 Qxc5+ 56. Qe3 Qc6 57. Qa7+ Kc8 58. Qa6+ Kc7 59. Qxc6+ Kxc6 60. g5 Kc5 61. Ke3 Bb1 62. a3 Ba2 63. Bg8 Kd6 64. Bxh7 Bxb3 65. Bxg6 Ke6 66. Be4 Bd1 67. Bg6 1-0